|
|
|
|
| LEADER |
00000nam a22000007a 4500 |
| 005 |
20191220113245.0 |
| 007 |
cr|||| |||| |
| 008 |
191220c20109999bo qr|w s|||| 0|||b1spa d |
| 035 |
|
|
|a 30922
|
| 040 |
|
|
|a vLex
|
| 090 |
|
|
|c 10086
|d 10086
|
| 245 |
0 |
0 |
|a Revista Comps̀ Empresarial
|h [Recurso electrn̤ico] /
|
| 256 |
|
|
|a Servicio en ln̕ea
|
| 260 |
|
|
|a La Paz:
|b Universidad Privada del Valle,
|c 2010 -
|
| 300 |
|
|
|a 1 recurso electrn̤ico
|
| 310 |
|
|
|a Trimestral
|
| 506 |
1 |
|
|a Disponible solo en los productos indicados
|d vLex Global
|d vLex Global (Academic Edition, excluding Law Schools)
|d vLex Global (U.S. Academic Edition, Law Schools)
|d vLex Global (U.S. Academic Edition, excluding Law Schools)
|d vLex Global (Academic Edition, Law Schools)
|
| 650 |
0 |
4 |
|a Derecho Pb︢lico y Administrativo
|z Bolivia
|
| 740 |
0 |
|
|a vLex Revistas (Servicio en ln̕ea)
|
| 856 |
4 |
0 |
|u http://vlex.com/source/revista-compas-empresarial-30922
|z Acceso restringido
|
| 942 |
|
|
|c REV
|
| 999 |
0 |
|
|a Public and Administrative Law
|